| 000 | 00933pam a2200289 a 4500 | ||
|---|---|---|---|
| 001 | 2089622 | ||
| 003 | NUST-PNEC | ||
| 005 | 20170114142451.0 | ||
| 008 | 951019s1996 nyua b 001 0 eng | ||
| 010 | _a 95046169 | ||
| 020 | _a0471127027 (cloth : alk. paper) | ||
| 040 |
_aDLC _cDLC _dDLC |
||
| 050 | 0 | 0 |
_aTK454 _b.D67 1996 |
| 082 | 0 | 0 | _a621.3192 DOR |
| 100 | 1 | _aDorf, Richard C. | |
| 245 | 1 | 0 |
_aIntroduction to electric circuits _cRichard C. Dorf, James A. Svoboda. |
| 246 | 3 | 0 | _aElectric circuits |
| 250 | _a3rd ed. | ||
| 260 |
_aNew York : _bWiley, _cc1996. |
||
| 300 |
_axxiv, 998 p. : _bill. (some col.) ; _c26 cm. |
||
| 504 | _aIncludes bibliographical references and index. | ||
| 650 | 0 |
_aElectric circuits. _xEE, EL |
|
| 700 | 1 | _aSvoboda, James A. | |
| 906 |
_a7 _bcbc _corignew _d1 _eocip _f19 _gy-gencatlg |
||
| 942 |
_2ddc _cBK |
||
| 999 |
_c59990 _d59990 |
||